| 000 | 00876nam a22002417a 4500 | ||
|---|---|---|---|
| 001 | BD-DhSAU 531 | ||
| 003 | BD-DhSAU | ||
| 005 | 20150105192515.0 | ||
| 008 | 150104b2006 i a|||| |||| 001 0deng d | ||
| 020 | _a8176489948 | ||
| 040 | _cBD-DhSAU | ||
| 082 |
_222 _a577.55 _bKUA |
||
| 100 | _aKumar, H. D. | ||
| 245 |
_aAgricultural ecology / _cH. D. Kumar |
||
| 260 |
_aNew Delhi : _bA. P. H. Publishing Corporation ; _cc2006. |
||
| 300 |
_axii, 314 p . : _bill. ; _c25 cm. |
||
| 504 | _aIncludes bibliographical references & index. | ||
| 590 | _aJerin | ||
| 650 | _aAgronomy | ||
| 650 |
_aAgriculture _93 |
||
| 650 | _aEcology | ||
| 856 | _uhttps://books.google.com.bd/books?id=tgYsf9ROAckC&printsec=frontcover&dq=Agricultural+ecology+by+H.D.+Kumar&hl=en&sa=X&ei=vQWqVIqfN4WPuAS8tYHYCQ&redir_esc=y#v=onepage&q=Agricultural%20ecology%20by%20H.D.%20Kumar&f=false | ||
| 942 |
_2ddc _cBOOK |
||
| 999 |
_c531 _d531 |
||